LEADER 01156nam--2200409---450- 001 990001193050203316 005 20051123145105.0 010 $a88-214-1700-X 035 $a000119305 035 $aUSA01000119305 035 $a(ALEPH)000119305USA01 035 $a000119305 100 $a20031013d19832003km-y0itay0103----ba 101 0 $aita 102 $aIT 105 $aa|||||||001yy 200 1 $a<> epilessie$fBruno Ambrosi, Giuliano Avanzini 210 $aMilano$cMasson Italia$d1983 215 $aX,112 p.$cill.$d24 cm 225 2 $a<> paziente e la sua famiglia 410 0$12001$a<> paziente e la sua famiglia 454 1$12001 461 1$1001-------$12001 606 0 $aEpilessia 676 $a616.853 700 1$aAMBROSI,$bBruno$0555855 701 1$aAVANZINI,$bGiuliano$0555593 801 0$aIT$bsalbc$gISBD 912 $a990001193050203316 951 $a616.853 AMB$b1200 Farm.$c616 959 $aBK 969 $aFAR 979 $aSIAV1$b10$c20031013$lUSA01$h1305 979 $aPATRY$b90$c20040406$lUSA01$h1725 979 $aPATRY$b90$c20051123$lUSA01$h1451 996 $aEpilessie$9985611 997 $aUNISA LEADER 01634nas 2200457-a 450 001 9910949137803321 005 20240911213022.0 035 $a(CKB)4990000000000031 035 $a(CONSER)---92656206- 035 $a(EXLCZ)994990000000000031 100 $a19920413b19911992 --- a 101 0 $aeng 181 $ctxt$2rdacontent 182 $cc$2rdamedia 183 $acr$2rdacarrier 200 10$aPolymer science 210 $aOxford ;$aNew York $cPergamon Press$dc1992-c1992 215 $a1 online resource 300 $aVol. 33 released one year behind the Russian original and carries its date (1991). 300 $aVol. 34, no. 1-2, have title: Polymer science USSR. 300 $aEnglish translations of v. 34 published simultaneously with the Russian original in 1992 by Interperiodica and the Russian Academy of Sciences, Moscow. 311 08$aPrint version: Vysokomolekuli?arnye soedinenii?a. 0965-545X (DLC) 92656206 (OCoLC)25636234 517 3 $aPolymer science USSR 531 0 $aPolym. sci. 606 $aPolymers$vPeriodicals 606 $aPolymerization$vPeriodicals 606 $aPolymerization$2fast$3(OCoLC)fst01070576 606 $aPolymers$2fast$3(OCoLC)fst01070588 606 $aPractice Guideline$2nasat 608 $aPeriodicals.$2fast 615 0$aPolymers 615 0$aPolymerization 615 7$aPolymerization. 615 7$aPolymers. 615 7$aPractice Guideline. 712 02$aRossii?skai?a? akademii?a? nauk, 906 $aJOURNAL 912 $a9910949137803321 920 $aexl_impl conversion 996 $aPolymer science$9122018 997 $aUNINA